The art of programming embedded systems

Saved in:
Bibliographic Details
Main Author: Ganssle, Jack G.
Format: Book
Language:English
Published: San Diego ; New York : Academic press, c1992
Subjects:
Tags: Add Tag
No Tags, Be the first to tag this record!

MARC

LEADER 00000nam a2200000 i 4500
001 1/96098
008 000203s1992 eng d
020 |a 0122748808 
035 |l 10055608 
040 |a GR-MY-UA  |b gre  |e aacr 
041 0 |a eng 
082 0 |a 004.16 
100 1 |a Ganssle, Jack G. 
245 1 4 |a The art of programming embedded systems /  |c Jack G. Ganssle 
260 |a San Diego ; New York :   |b Academic press,   |c c1992 
300 |a xiii, 279 p.;  |b ill.;  |c 24 cm. 
504 |a Includes index 
650 0 0 |a Embedded computer systems  |x Design. 
852 |a INST  |b SAMOS  |e 20000203  |h 004.16 GAN  |p 005300016385  |q 005300016385  |t BK  |y 0 
901 |a BIBL3-2000-1 
909 |a Σ  |b 070974 
922 |a 3ΕΛΗ  |b 199911  |c ΤΠΕΣ  |d ΠΑΠΑΣΩΤΗΡΙΟΥ 
950 |a 133-1999-07-20 
970 |a ΓΕΝΟΥΖΟΥ  |b ΧΡΥΣΑΝΘΗ  |z 2000/02/03